[Event "IECC CL7-2011.05 email"]
[Site "IECC email"]
[Date "2011.09.09"]
[Round "?"]
[White "Campbell, Graham G"]
[Black "McGovern, Grant William"]
[Result "1-0"]
[WhiteElo "1132"]
[BlackElo "1081"]
[PlyCount "23"]
[EventDate "2011.??.??"]
[EventType "tourn (corr)"]
[EventRounds "4"]
[SourceTitle "Corr 2020"]
[Source "ChessBase"]
[SourceDate "2019.09.30"]
[SourceVersion "1"]
[SourceVersionDate "2019.09.30"]
[SourceQuality "1"]
[WhiteTeam "United States"]
[BlackTeam "Scotland"]
[WhiteTeamCountry "USA"]
[BlackTeamCountry "SCO"]

1. e4 Nf6 2. e5 Nd5 3. d4 e6 4. Nf3 c5 5. Bc4 Qa5+ 6. Bd2 Qc7 7. Bxd5 exd5 8. 0-0 c4 9. Nc3 Nc6 10. Nxd5 Qd8 11. Qe2 f6 12. exf6+ 1-0

[Event "IECC CL7-2011.03 email"]
[Site "IECC email"]
[Date "2011.05.21"]
[Round "?"]
[White "McGovern, Grant William"]
[Black "Butcher, Robert Evan Sr"]
[Result "0-1"]
[WhiteElo "1066"]
[BlackElo "1027"]
[PlyCount "50"]
[EventDate "2011.??.??"]
[EventType "tourn (corr)"]
[EventRounds "4"]
[SourceTitle "Telechess CBM 145"]
[Source "Chessbase"]
[SourceDate "2011.11.11"]
[SourceVersion "1"]
[SourceVersionDate "2011.11.11"]
[SourceQuality "1"]
[WhiteTeam "Scotland"]
[WhiteTeamCountry "SCO"]

1. e4 e5 2. Nf3 Nc6 3. d4 exd4 4. Bg5 Be7 5. Nxd4 Bxg5 6. Bc4 Nge7 7. Qh5 Ng6 8. Nf5 Bf6 9. Nc3 0-0 10. 0-0 d6 11. Rad1 Bxf5 12. exf5 Nge7 13. Rde1 d5 14. Re3 dxc4 15. Rh3 h6 16. Rd1 Qe8 17. Nd5 Nxd5 18. Qg4 Bg5 19. Qxc4 Rd8 20. Rhd3 Nf4 21. R3d2 Rxd2 22. Qf1 Rxd1 23. Qxd1 Qe2 24. Qxe2 Nxe2+ 25. Kf1 Re8 0-1